00475nam a2200133Ia 4500008004100000041000800041100003100049245006000080260003100140300000800171700004200179999001900221952010100240250110s9999 xx 000 0 und d aeng aKatikaneni Sathya.9183986 aLandscape Redevelopment For Sanjeevaiah Park, Hyderabad bBNCA M Arch LA, Punec2019 a49p aGuide Name:Kolhatkar Kshitija9210903 c364472d364472 00104070aBNCAbBNCAd2019-06-07l0pBNCA-PR-1972r2025-01-10 00:00:00w2025-01-10yPRzPR1972